书目信息 |
| 题名: |
道路工程
|
|
| 作者: | 杨春风 主编 | |
| 分册: | ||
| 出版信息: | 北京 中国建材工业出版社 2000.03 |
|
| 页数: | 228页 | |
| 开本: | 16开 | |
| 丛书名: | ||
| 单 册: | ||
| 中图分类: | U41 | |
| 科图分类: | ||
| 主题词: | 道路工程 | |
| 电子资源: | ||
| ISBN: | 7-80090-954-9 | |
| 000 | 00529nam0 2200193 45 | |
| 001 | 0010091700 | |
| 005 | 20010102101955.4 | |
| 010 | @a7-80090-954-9@d20.00元 | |
| 100 | @a20001009d2000 km y0chiy0120 ea | |
| 101 | 0 | @achi |
| 105 | @a z 000yy | |
| 200 | 1 | @a道路工程@ADao Lu Gong Cheng@f杨春风主编@FYang ChunFeng Zhu Bian |
| 210 | @a北京@c中国建材工业出版社@d2000.03 | |
| 215 | @a228页@d16开 | |
| 606 | 0 | @a道路工程 |
| 690 | @aU41@v3 | |
| 701 | 0 | @a杨春风@4主编 |
| 801 | @aCN@bPftUser@c20001009 | |
| 905 | @dU41@eY237@b73734@f1 | |
| 道路工程/杨春风主编.-北京:中国建材工业出版社,2000.03 |
| 228页;16开 |
| ISBN 7-80090-954-9:20.00元 |
| ● |
| 相关链接 |
|
|
|
正题名:道路工程
索取号:U41/Y237
 
预约/预借
| 序号 | 登录号 | 条形码 | 馆藏地/架位号 | 状态 | 备注 |
| 1 | 73734 | 200737346 | 自科二线504/504自科库 31排3列2层/ [索取号:U41/Y237] | 在馆 |